Statistiques concernant merveilles du monde disparues / en ruine

Cliquez ici pour prendre le quiz!

Statistiques générales

  • Ce quiz a été pris 51 fois
  • Le résultat moyen est 7 sur 13

Statistiques - réponses

Réponse% Correct
Jardins suspendus de Babylone
92%
Phare d'Alexandrie
90%
Colosse de Rhodes
88%
Moaïs de l'Île de Pâques
79%
Mur d'Hadrien
67%
Statue chryséléphantine de Zeus à Olympie
65%
Bibliothèque d'Alexandrie
63%
Mausolée d'Halicarnasse
58%
Temple d'Artémis à Éphèse
56%
Louxor
38%
Apadana de Persépolis
8%
Grand bain de Mohenjo-daro
4%
Templo Mayor
4%

Distribution des résultats

Percentile par nombre de réponses

% des personnes avec chaque résultat

Votre développement - résultats

Vous n’avez pas pris ce quiz